飲食チェーンのロゴクイズ - Statistics

General Stats
  • This quiz has been taken 815 times
  • The average score is 17 of 25
Answer Stats
Picture Answer % Correct
ガスト
98%
ケンタッキーフライドチキン
96%
すき家
95%
サイゼリヤ
93%
モスバーガー
87%
バーミヤン
83%
マクドナルド
81%
餃子の王将
79%
松屋
77%
ミスタードーナツ
76%
はなまるうどん
74%
しゃぶ葉
73%
ロッテリア
72%
リンガーハット
71%
かっぱ寿司
71%
バーガーキング
70%
びっくりドンキー
70%
デニーズ
65%
五右衛門パスタ
56%
ビッグボーイ
47%
資さんうどん
47%
吉野家
42%
ジョイフル
35%
フレッシュネスバーガー
17%
グラッチェガーデンズ
12%
No matching quizzes found
Score Distribution
Percent of People with Each Score
Percentile by Number Answered
Your Score History
You have not taken this quiz